Score 0/10 Timer 02:00
2 Plays Today
Number of bushels (by 1,000) State % Correct
5,810Illinois
86.6%
7,020Ohio
86.3%
19,086South Dakota
84.5%
20,664North Dakota
84.3%
6,850New York
83.8%
12,375Texas
79.8%
14,558Minnesota
78.7%
14,823Wisconsin
76.7%
10,238Michigan
73.5%
6,360Pennsylvania
59.5%
Remove Ads.
Support Sporcle.
Get the best of Sporcle when you Go Orange. This ad-free experience offers more features, more stats, and more fun while also helping to support Sporcle. Thank you for becoming a member.

You're not logged in!

Compare scores with friends on all Sporcle quizzes.
OR
Log In

Show Comments

Extras

Top Quizzes Today


Score Distribution

Your Account Isn't Verified!

In order to create a playlist on Sporcle, you need to verify the email address you used during registration. Go to your Sporcle Settings to finish the process.

Report this User

Report this user for behavior that violates our Community Guidelines.

Details: